| 000 | 00658cam a22002413a 4500 | ||
|---|---|---|---|
| 001 | 19724 | ||
| 003 | PGUSA | ||
| 005 | 20140828083422.0 | ||
| 008 | 061106s2006||||xxu|||||s|||||000 | eng d | ||
| 040 |
_aPGUSA _beng |
||
| 042 | _adc | ||
| 050 | 4 | _aPN | |
| 100 | 1 |
_aHead, James H., _d-1869 |
|
| 245 | 1 | 0 |
_aHome Pastimes; or Tableaux Vivants _h[electronic resource] / _cJames H. Head |
| 260 |
_bProject Gutenberg, _c2006 |
||
| 506 | _aPublic domain in the USA. | ||
| 516 | _aElectronic text | ||
| 653 | _aTableaux | ||
| 653 | _aFamily recreation | ||
| 830 | 0 |
_aProject Gutenberg _v19724 |
|
| 856 | 4 | 0 | _uhttp://www.gutenberg.org/ebooks/19724 |
| 942 | _cEB | ||
| 999 |
_c248979 _d248979 |
||